[Event "Alcorcon Spring op-B 1st"]
[Site "Alcorcon"]
[Date "2019.03.24"]
[Round "1"]
[White "Arias Bellido, Santiago"]
[Black "Sanz Morinigo, Francisco Javier"]
[Result "0-1"]
[WhiteElo "1237"]
[BlackElo "1659"]
[PlyCount "60"]
[EventDate "2019.03.24"]
[EventType "swiss"]
[EventRounds "9"]
[EventCountry "ESP"]
[SourceTitle "EXT 2020"]
[Source "ChessBase"]
[SourceDate "2019.10.17"]
[SourceVersion "1"]
[SourceVersionDate "2019.10.17"]
[SourceQuality "1"]

1. e4 d6 2. d3 g6 3. c3 Bg7 4. Nf3 Nf6 5. Be2 c5 6. e5 dxe5 7. Nxe5 0-0 8. Nf3 Nc6 9. Be3 Qc7 10. Qd2 b6 11. Bh6 Rd8 12. Bxg7 Kxg7 13. 0-0 e5 14. Rd1 e4 15. Ne1 exd3 16. Bf3 Bg4 17. c4 Rac8 18. Nc3 Ne5 19. Qf4 Nxf3+ 20. Qxf3 Bxf3 21. Nxf3 Qf4 22. Rd2 Qxc4 23. Rad1 Ne4 24. Ne5 Qd4 25. Nf3 Nxc3 26. Nxd4 Nxd1 27. Nf3 Nxb2 28. Rxb2 c4 29. Rb1 d2 30. Rd1 c3 0-1

[Event "Madrid-ch Previa-B"]
[Site "Madrid"]
[Date "2009.11.21"]
[Round "7"]
[White "Morona Minguez, Irene"]
[Black "Sanz Morinigo, Francisco Javier"]
[Result "1-0"]
[WhiteElo "1844"]
[BlackElo "1736"]
[PlyCount "91"]
[EventDate "2009.11.05"]
[EventType "swiss"]
[EventRounds "9"]
[EventCountry "ESP"]
[SourceTitle "CBM 133 Extra"]
[Source "ChessBase"]
[SourceDate "2010.01.05"]
[SourceVersion "1"]
[SourceVersionDate "2010.01.05"]
[SourceQuality "1"]

1. e4 c5 2. Nf3 Nc6 3. d4 cxd4 4. Nxd4 e5 5. Nb5 d6 6. c4 a6 7. N5c3 f5 8. exf5 Bxf5 9. Bd3 Bxd3 10. Qxd3 Nf6 11. Bg5 Be7 12. Nd2 0-0 13. 0-0 Nd4 14. Nf3 Nxf3+ 15. Qxf3 Kh8 16. Bxf6 gxf6 17. Qxb7 Rb8 18. Qxa6 Rxb2 19. Rab1 Rc2 20. Nd5 Rg8 21. Rb7 Bf8 22. Qa4 Re2 23. Rd7 Rxa2 24. Qxa2 Qxd7 25. Nxf6 Rxg2+ 26. Kxg2 Qg7+ 27. Kh1 Qxf6 28. Qe2 Bh6 29. Rg1 Bf4 30. Qg4 Qf8 31. Qg2 Bh6 32. Ra1 Qf7 33. Ra8+ Bf8 34. Rb8 Qf4 35. h3 Qf6 36. Qa8 Kg7 37. Qb7+ Kh6 38. Qg2 Qf4 39. Qg3 Qe4+ 40. Kh2 Bg7 41. Qe3+ Qf4+ 42. Qxf4+ exf4 43. Rb6 Be5 44. c5 f3+ 45. Kg1 Kh5 46. cxd6 1-0

[Event "Madrid San Viator op 13th"]
[Site "Madrid"]
[Date "2009.11.15"]
[Round "8"]
[White "Sanz Morinigo, Francisco Javier"]
[Black "Tolosana Esteban, Enrique"]
[Result "0-1"]
[WhiteElo "1736"]
[BlackElo "1825"]
[PlyCount "54"]
[EventDate "2009.09.27"]
[EventType "swiss"]
[EventRounds "9"]
[EventCountry "ESP"]
[SourceTitle "EXT 2010"]
[Source "ChessBase"]
[SourceDate "2010.11.25"]
[SourceVersion "1"]
[SourceVersionDate "2010.11.25"]
[SourceQuality "1"]

1. e4 c5 2. Nf3 Nc6 3. d4 cxd4 4. Nxd4 Qb6 5. Nb3 Nf6 6. Be3 Qd8 7. Bd3 Ne5 8. 0-0 e6 9. c4 Nxd3 10. Qxd3 Be7 11. f4 b6 12. Nc3 a6 13. Nd5 exd5 14. cxd5 Bc5 15. Bxc5 bxc5 16. d6 Qb6 17. Kh1 Bb7 18. e5 Ng4 19. Qg3 c4 20. Qxg4 cxb3 21. Qg5 0-0 22. f5 f6 23. Qg4 fxe5 24. f6 Rf7 25. Rf5 Qxd6 26. Rd1 Qe6 27. axb3 Rxf6 0-1

[Event "Madrid-ch Previa-B"]
[Site "Madrid"]
[Date "2009.11.14"]
[Round "5"]
[White "Leniz Martinez, Francisco"]
[Black "Sanz Morinigo, Francisco Javier"]
[Result "1-0"]
[WhiteElo "1870"]
[BlackElo "1736"]
[PlyCount "87"]
[EventDate "2009.11.05"]
[EventType "swiss"]
[EventRounds "9"]
[EventCountry "ESP"]
[SourceTitle "CBM 133 Extra"]
[Source "ChessBase"]
[SourceDate "2010.01.05"]
[SourceVersion "1"]
[SourceVersionDate "2010.01.05"]
[SourceQuality "1"]

1. Nf3 Nf6 2. c4 e6 3. d4 b6 4. g3 Ba6 5. b3 Bb4+ 6. Bd2 Be7 7. Bg2 Bb7 8. 0-0 d5 9. Ne5 Nbd7 10. Nxd7 Qxd7 11. Bc3 0-0-0 12. e3 h5 13. h3 g5 14. Nd2 g4 15. h4 Ne4 16. Nxe4 dxe4 17. d5 Rh6 18. Bxe4 f5 19. Bg2 Bxh4 20. gxh4 Qe7 21. Be5 Qxh4 22. Qd4 Qe7 23. Rad1 h4 24. Bf4 Rg6 25. Qe5 Qg7 26. dxe6 Bxg2 27. Rxd8+ Kxd8 28. Rd1+ Ke8 29. Qxg7 Rxg7 30. Kxg2 c5 31. Rd7 Rxd7 32. exd7+ Kxd7 33. f3 Ke6 34. a3 a6 35. a4 Kd7 36. Bg5 h3+ 37. Kg3 Kc6 38. Bf4 h2 39. Kxh2 gxf3 40. Kg3 b5 41. a5 bxc4 42. bxc4 Kd7 43. Kxf3 Ke6 44. Bb8 1-0